The Alternative Media Handbook : (Record no. 608305)

MARC details
000 -LEADER
fixed length control field 00509nam a2200193 a 4500
008 - FIXED-LENGTH DATA ELEMENTS--GENERAL INFORMATION
fixed length control field 260111s2007##################000#0#eng##
020 ## - INTERNATIONAL STANDARD BOOK NUMBER
ISBN 9780415359665
082 04 - DEWEY DECIMAL CLASSIFICATION NUMBER
Classification number 302.23
Item number COY
100 1# - MAIN ENTRY--AUTHOR NAME
Personal name Coyer, Kate,
245 10 - TITLE STATEMENT
Title The Alternative Media Handbook :
260 ## - PUBLICATION, DISTRIBUTION, ETC. (IMPRINT)
Name of publisher Taylor & Francis,
Year of publication 2007.
300 ## - PHYSICAL DESCRIPTION
Number of Pages 352 pages
650 #0 - SUBJECT ADDED ENTRY--TOPICAL TERM
Topical Term Business & Economics.
942 ## - ADDED ENTRY ELEMENTS (KOHA)
Koha item type English Books
Holdings
Withdrawn status Lost status Damaged status Not for loan Home library Current library Shelving location Date acquired Full call number Accession Number Price effective from Koha item type
        Anna Centenary Library Anna Centenary Library 3RD FLOOR, B WING 12.01.2026 302.23 COY 145700 12.01.2026 English Books

Find us on the map